| 000 | 00584nam a2200193Ia 4500 | ||
|---|---|---|---|
| 005 | 20221212144756.0 | ||
| 008 | 131103s9999 xx 000 0 und d | ||
| 040 | _aLoreto College | ||
| 041 | _aEnglish | ||
| 082 |
_a812.08 _bKOZ |
||
| 245 |
_a15 American one - act plays _cedited and with introductions by Paul Kazelka |
||
| 260 |
_aNew York _bWashington Square Press _c1960 (1969 printing) |
||
| 300 | _avi,308 p. | ||
| 440 | _aThe ANTA series of distinguished plays | ||
| 650 | _aAmerican Drama - Collections | ||
| 700 | _aKozelka,Paul,ed. | ||
| 850 | _aLCLIB | ||
| 942 | _cBK | ||
| 999 |
_c11734 _d62213 |
||